Ritual de los amores confusos / (Registro nro. 14068)

Detalles MARC
000 -LEADER
fixed length control field 01027nam a2200265 a 4500
001 - CONTROL NUMBER
control field
003 - CONTROL NUMBER IDENTIFIER
control field DO-SdBNP
005 - DATE AND TIME OF LATEST TRANSACTION
control field 20220314084145.0
008 - FIXED-LENGTH DATA ELEMENTS--GENERAL INFORMATION
fixed length control field 091028s1994 dr a 000 j spa d
040 ## - CATALOGING SOURCE
Original cataloging agency DO-SdBNP
Language of cataloging spa
Transcribing agency BPMSU
082 ## - DEWEY DECIMAL CLASSIFICATION NUMBER
Classification number RD863.44
Item number C183r 1994
Edition number 22
100 1# - MAIN ENTRY--PERSONAL NAME
Personal name Camilo, Pedro
245 10 - TITLE STATEMENT
Title Ritual de los amores confusos /
Statement of responsibility, etc. Pedro Camilo.
260 ## - PUBLICATION, DISTRIBUTION, ETC. (IMPRINT)
Place of publication, distribution, etc. Santo Domingo :
Name of publisher, distributor, etc. Secretaría de Estado de Educación, Bellas Artes y Cultos,
Date of publication, distribution, etc. 1994.
300 ## - PHYSICAL DESCRIPTION
Extent 95 p. :
Other physical details il. ;
Dimensions 21 cm.
490 0# - SERIES STATEMENT
Series statement Premios nuales de literatura
500 ## - GENERAL NOTE
General note Incluye datos biográficos del autor en la contracubierta.
505 0# - FORMATTED CONTENTS NOTE
Formatted contents note Presentación --
Title Como viento en el arpa -
-- Lluvia que cae despúes de la duermevela --
-- Ritual de los amores confusos --
-- Una voz en off --
-- El sueño de Sísilo.
586 ## - AWARDS NOTE
Awards note Premio anual de cuentos, José Ramón López, 1994
590 ## - LOCAL NOTE (RLIN)
Local note Inventariado, 2022/VM
650 #4 - SUBJECT ADDED ENTRY--TOPICAL TERM
Topical term or geographic name as entry element Cuentos dominicanos
General subdivision Colecciones
650 #4 - SUBJECT ADDED ENTRY--TOPICAL TERM
Topical term or geographic name as entry element Literatura dominicana.
910 ## - USER-OPTION DATA (OCLC)
User-option data VMateo V.
942 ## - ADDED ENTRY ELEMENTS (KOHA)
Source of classification or shelving scheme Dewey Decimal Classification
Koha item type Libros
Existencias
Withdrawn status Lost status Source of classification or shelving scheme Damaged status Not for loan Collection code Home library Current library Date acquired Total Checkouts Full call number Barcode Date last seen Price effective from Koha item type
    Dewey Decimal Classification     Colección Dominicana Biblioteca Pública Metropolitana Salomé Ureña Biblioteca Pública Metropolitana Salomé Ureña 03/14/2022   BPMSU CD RD863.44 C183r 1994 BPMSU22030028 03/14/2022 03/14/2022 Libros